Report of the commission for irrigation utilisation (Record no. 499114)

000 -LEADER
fixed length control field 00309cam a22001097a 4500
008 - FIXED-LENGTH DATA ELEMENTS--GENERAL INFORMATION
fixed length control field 180718b1982 xxu||||| |||| 00| 0 eng d
082 ## - DEWEY DECIMAL CLASSIFICATION NUMBER
Classification number Y1182x5451 An24r
245 ## - TITLE STATEMENT
Title Report of the commission for irrigation utilisation
260 ## - PUBLICATION, DISTRIBUTION, ETC.
Place of publication, distribution, etc. Hyderabad
Name of publisher, distributor, etc.
Date of publication, distribution, etc. 1982
300 ## - PHYSICAL DESCRIPTION
Extent 180+p.
500 ## - GENERAL NOTE
General note Contents : Library has 2v
Holdings
Withdrawn status Lost status Damaged status Not for loan Permanent Location Current Location Date acquired Full call number Barcode Date last seen Price effective from Koha item type
        Indian Institute of Public Administration Indian Institute of Public Administration 2018-08-04 Y1182x5451 An24r GG19721 2018-08-04 2018-08-04 GG

Powered by Koha